000 00528nam a2200193Ia 4500
003 GCL
008 140319s9999 xx 000 0 ara d
040 _aGCL /
_cGCL
082 0 4 _a301.31
_bا ت
100 1 _aاحمد خالد علام
245 1 0 _aالتلوث وتحسين البيئة /
_cاحمد خالد علام
490 _aكتاب
_v0
650 0 4 _aتلوث البيئة
650 0 4 _aحماية البيئة
650 0 4 _aالتلوث
650 0 4 _aالمياه
650 0 4 _aالهواء
942 _2ddc
_cBK
999 _c42597
_d42597